| 000 | 00707nam a2200181Ia 4500 | ||
|---|---|---|---|
| 008 | 090630s9999 xx 000 0 und d | ||
| 082 | _b12169 | ||
| 100 | _aभोमे सुहास कृ. | ||
| 245 |
_aप्रभावी भाषणे कशी करावी. _cभोमे सुहास कृ. |
||
| 260 | _bरघुवंशी ग. वि. - पुणे. | ||
| 300 | _a216 | ||
| 600 | _aभोमे सुहास कृ. | ||
| 630 | _aप्रभावी भाषणे कशी करावी. | ||
| 655 | _aइतर. | ||
| 700 | _aभोमे सुहास कृ. | ||
| 730 | _aप्रभावी भाषणे कशी करावी. | ||
| 942 | _cBOOK | ||
| 999 |
_c264025 _d264025 |
||